LEADER 00910nam a2200265 i 4500 001 991003426389707536 005 20020503191952.0 008 000908s1976 it ||| | ita 035 $ab10503316-39ule_inst 035 $aEXGIL120562$9ExL 040 $aBiblioteca Interfacoltà$bita 082 0 $a599 100 1 $aHvass, Hans$070343 245 10$aMammiferi nel mondo /$cHans Hvass ; traduzione di Sergio Tassinari 260 $aBologna :$bCalderini,$c1976 300 $aVI, 89 p. ;$c22 cm. 500 $aTit. orig.: Alverdens Pattedir 650 4$aMammiferi 700 1 $aTassinari, Sergio 907 $a.b10503316$b02-04-14$c27-06-02 912 $a991003426389707536 945 $aLE002 Scien. I D 2$g1$i2002000491275$lle002$o-$pE0.00$q-$rl$s- $t0$u0$v0$w0$x0$y.i1058030x$z27-06-02 996 $aMammiferi nel mondo$9212134 997 $aUNISALENTO 998 $ale002$b01-01-00$cm$da $e-$fita$git $h0$i1